Manual de funciones y procedimiento del área logística en la empresa COMIX S.A

Presenta un manual de funciones y procedimiento del área logística en la empresa COMIX S.A, se realizó un diagnostico actual de la empresa el cual se enfocó en el área de logística, se llevó a cabo mediante los métodos de investigación, entrevista realizada a trabajadores de la empresa, med...

Full description

Bibliographic Details
Main Authors: Mercado Corea, Julliams Alexander,, Pérez Aguilar, Marling Urania, Sevilla López, Nolly Jeff
Other Authors: Tutor: Gómez Jaime, Dora Isabel
Format: Tesis Section = Libro
Language:Undetermined
Spanish
Published: Managua UNI 2015
Subjects:
LEADER 01359nam a2200277Ia 4500
008 240830s9999 xx 000 0 und d
040 |a BIBLIOTECA-RUPAP T.Mon 658.402 M553 
041 |a spa 
082 |a T.Mon 658.402 M553 
100 1 |a Mercado Corea, Julliams Alexander, 
100 1 |b  Pérez Aguilar, Marling Urania 
100 1 |c  Sevilla López, Nolly Jeff 
245 1 0 |a Manual de funciones y procedimiento del área logística en la empresa COMIX S.A 
260 |a Managua  |b UNI  |c 2015 
300 |a 64 p. :il. 
500 |a Contiene: anexos e Incluye: CD. 
502 |a Tesis (Ingeniero de Sistemas)- UNI, 2015. 
520 3 |a Presenta un manual de funciones y procedimiento del área logística en la empresa COMIX S.A, se realizó un diagnostico actual de la empresa el cual se enfocó en el área de logística, se llevó a cabo mediante los métodos de investigación, entrevista realizada a trabajadores de la empresa, mediante la investigación se obtuvo la estructura organizacional y del área de logística y finalmente se realiza la propuesta del manual de funciones. 
650 7 |a ESTRUCTURA ORGANIZACIONAL – EMPRESARIAL 
650 7 |b ADMINISTRACION 
650 7 |c DESCRIPCION DE CARGOS 
650 7 |d MANUAL DE FUNCIONES 
700 1 |a Tutor:  |b Gómez Jaime, Dora Isabel 
942 |c BK  |2 ddc 
991 |a TESIS 
999 |c 18620